Random Capitals (Hard) - Statistics

General Stats
  • This quiz has been taken 25 times
    15 since last reset
  • The average score is 12 of 15
Answer Stats
Capital Answer % Correct
N'Djamena Chad
100%
Nouakchott Mauritania
100%
Baku Azerbaijan
92%
Libreville Gabon
92%
Maputo Mozambique
92%
Dodoma Tanzania
92%
Ngerulmud Palau
83%
Kampala Uganda
83%
Asmara Eritrea
75%
Tarawa Kiribati
75%
Pristina Kosovo
75%
Maseru Lesotho
75%
Castries Saint Lucia
75%
Freetown Sierra Leone
75%
Stuttgart Baden Württemberg
17%
No matching quizzes found
Score Distribution
Percent of People with Each Score
Percentile by Number Answered
Your Score History
You have not taken this quiz since the last reset